Statistics for Countries Least Similar To Turkey

Click here to take the quiz!

General Stats

  • This quiz has been taken 37 times
  • The average score is 4 of 20

Answer Stats

RankCountryScore% Correct
15Japan49.6
58%
8Democratic Republic of the Congo48.8
45%
1Papua New Guinea46.1
36%
8East Timor48.8
27%
7Somalia48.1
24%
15Uganda49.6
24%
15Zambia49.6
24%
12Burundi49.2
21%
2Solomon Islands46.4
21%
8Central African Republic48.8
18%
18Bahamas49.7
15%
5Lesotho48.0
15%
5Liberia48.0
15%
11Bhutan49.1
12%
3Malawi47.6
12%
20Singapore50.0
12%
19Cambodia49.8
9%
13Guinea-Bissau49.3
9%
14Haiti49.5
6%
3South Sudan47.6
6%

Score Distribution

Percentile by Number Answered

Percent of People with Each Score

Your Score History

You have not taken this quiz